000 00447pab a2200169 454500
008 180718b2007 xxu||||| |||| 00| 0 eng d
100 _aBarnes, Marian
245 _aNetworks, connectedness and resilience: learning from the children's fund in context
260 _c2007
300 _ap.193-97.
362 _aApr
650 _aChild welfare
700 _aMorris, Kate
773 _aSocial Policy and Society
908 _aN
909 _a75196
999 _c75196
_d75196